000 01312nam a22002897a 4500
005 20110201162643.0
008 110127t xxu||||| |||| 00| 0 hin d
010 _aHIN-91774
020 _c350.00
035 _aHN-64120
037 _bDBAD / PUB
040 _aDPL
_bHN
082 _a
100 _925632
_aबच्चन सिहं
245 _aसंपादक कीरतराम /
_cबच्चन सिहं
246 _aSampadak keeratram
_bBachchan singh
260 _aनई दिल्ली
_bनेशनल पब्लिशिंग हाउस
_c2008
270 _a2/35 अंसारी रोड़ दरियागंज,
_bनई दिल्ली
_e10002
_l{ 011 23254407}
_mnational-publishinghouse@airtelbroadband.in
300 _a312पृ.
_c22सेमी (सजिल्द)
500 _aसमान ISBN 8121406374 शीर्षक साधो यह मुर्दों का गांव
650 _9657
_aहिन्दी कथा साहित्य
_bEssay
650 _925656
_aHindi Novel
700 _925634
700 _925670
942 _2ddc
_cHN
_h
_mबच्चन
999 _c50332
_d50332